| 000 | 01942nam a2200361 a 4500 | ||
|---|---|---|---|
| 999 |
_c206670 _d206670 |
||
| 003 | BLK | ||
| 005 | 20241028102810.0 | ||
| 008 | 180411b bul|||||r ||||||| ||bul|| | ||
| 010 | _aKNG00216420000 | ||
| 040 | _aBLK | ||
| 041 |
_aBUL _cBUL |
||
| 080 |
_aБългарска литература _b821.163.2 _x-31 _z821.163.2-31 |
||
| 080 |
_aБългарска литература _b821.163.2 _x-32 _z821.163.2-32 |
||
| 080 |
_aБългарска литература _b821.163.2 _x-4 _z821.163.2-4 |
||
| 139 |
_aСтрашимиров, Антон Тодоров _bС 84 |
||
| 245 | 1 | 0 |
_aХоро _b[Роман] ; Разкази ; Статии _cАнтон Тодоров Страшимиров; състав. и ред. с предг. Стефан Елевтеров. |
| 245 | 1 | 0 | _aРазкази |
| 245 | 1 | 0 | _aСтатии |
| 257 | _aBGR | ||
| 260 |
_aСофия _bБълг. писател _c1985 |
||
| 300 |
_a307 с. _c20 см |
||
| 380 | _aX | ||
| 490 |
_aБиблиотека за ученика _9201322 |
||
| 500 | _aСъдържа и: Полицейското досие на романа "Хоро" и на неговия създател ; "Рамаданбегови сараи" - история, идеи, стилистика ; Оценка на личността и делото на Антон Страшимиров ; Речник на чуждите и непознати думи към романа "Хоро", разказите и статиите ; Библиогр. справка ; Редакторска бележка. | ||
| 700 |
_aЕлевтеров, Стефан _d1930-1997 _gЛитературовед _qСтефанов, Стефан Елевтеров _9366057 |
||
| 852 | _aЦб 136847 | ||
| 856 | 4 | _qpdf | |
| 856 | 4 | _qpdf | |
| 942 |
_cKNG _n0 _s1 _01 |
||
| 944 |
_aCR _c26.02.2018 _k30560 _lГеновева Генчева |
||
| 944 |
_aED _c26.02.2018 _kКети_Илиева |
||
| 999 | _d206670 | ||